000 00412nam a22001217a 4500
008 150601b xxu||||| |||| 00| 0 eng d
020 _a9780071664066
020 _a0071664068
041 0 _aeng
080 _a338
245 0 0 _aInvesting in BRIC countries :
_cedited by Svetlana Borodina and Oleg Shvyrkov ; with Jean-Claude Bouis.
942 _2udc
_cBK
999 _c938
_d938